000
00325pam a2200157a 44500
008
230515b2017 xxu||||| |||| 00| 0 eng d
020
_a
NULL
041
_a
ENGLISH
082
_a
610.73
100
_a
MUTHUVENKADA
245
_a
TARGET HIGH
250
_a
1
260
_a
_b
C B S
_c
2017
300
_a
1024
650
_a
NULL
999
_c
531692
_d
531692